Proceedings of Agriculture and Rural Development (Sharing Together to improve Agricultural Productivities and Rural livelihood), October 31,2014 Royal Universithy Of Agriculture, Phnom Penh , Cambodia (Record no. 25462)
[ view plain ]
| 000 -LEADER | |
|---|---|
| fixed length control field | 00490nam a22001217a 4500 |
| 040 ## - CATALOGING SOURCE | |
| Transcribing agency | RUA |
| 082 ## - DEWEY DECIMAL CLASSIFICATION NUMBER | |
| Classification number | RUA NGO 2014 C108 Or. |
| 100 ## - MAIN ENTRY--AUTHOR NAME | |
| Personal name | NGO BUNTHAN, MEN SAROM. |
| 245 ## - TITLE STATEMENT | |
| Title | Proceedings of Agriculture and Rural Development (Sharing Together to improve Agricultural Productivities and Rural livelihood), October 31,2014 Royal Universithy Of Agriculture, Phnom Penh , Cambodia |
| 260 ## - PUBLICATION, DISTRIBUTION, ETC. (IMPRINT) | |
| Place of publication | PHNOM PENH |
| Name of publisher | RUA |
| Year of publication | 2014 |
| 300 ## - PHYSICAL DESCRIPTION | |
| Number of Pages | xiv,183p. |
| Other physical details | ill. |
| Dimensions | 29cm. |
| 942 ## - ADDED ENTRY ELEMENTS (KOHA) | |
| Koha item type | សៀវភៅគោល |
| 952 ## - LOCATION AND ITEM INFORMATION (KOHA) | |
| Withdrawn status [LOCAL, KOHA] | 0 |
| Permanent Location | Date acquired | Koha item type | Lost status | Shelving location | Barcode | Current Location | Full call number |
|---|---|---|---|---|---|---|---|
| Library Block C | 2026-02-06 | សៀវភៅគោល | C108 | C034277 | Library Block C | RUA NGO 2014 C108 Or. |